فلسفه الأجراءات التاديبيه للعاملين بالخدمه المدنيه : دراسه نظريه و تطبيقات مقارنه في دوله الأمارات العربيه المتحده و الدول الأجنبيه / (رقم التسجيلة. 84445)
[ عرض عادي ]
| 000 -LEADER | |
|---|---|
| fixed length control field | 00686nam a22001697a 4500 |
| 005 - DATE AND TIME OF LATEST TRANSACTION | |
| control field | 20251108172628.0 |
| 008 - FIXED-LENGTH DATA ELEMENTS--GENERAL INFORMATION | |
| fixed length control field | 250721s1998 xx 000 0 ara d |
| 082 14 - DEWEY DECIMAL CLASSIFICATION NUMBER | |
| Classification number | 351,6/أرج |
| 100 1# - MAIN ENTRY--PERSONAL NAME | |
| Personal name | أرجمند، عبدالله محمد محمود |
| 245 10 - TITLE STATEMENT | |
| Title | فلسفه الأجراءات التاديبيه للعاملين بالخدمه المدنيه : دراسه نظريه و تطبيقات مقارنه في دوله الأمارات العربيه المتحده و الدول الأجنبيه / |
| 264 ## - PRODUCTION, PUBLICATION, DISTRIBUTION, MANUFACTURE, AND COPYRIGHT NOTICE | |
| Date of production, publication, distribution, manufacture, or copyright notice | 1998. |
| 300 ## - PHYSICAL DESCRIPTION | |
| Extent | 441 ص. |
| 650 17 - SUBJECT ADDED ENTRY--TOPICAL TERM | |
| Topical term or geographic name as entry element | الإدارة العامة |
| 650 17 - SUBJECT ADDED ENTRY--TOPICAL TERM | |
| Topical term or geographic name as entry element | إصلاح الخدمة المدنية |
| 942 ## - ADDED ENTRY ELEMENTS (KOHA) | |
| Source of classification or shelving scheme | Dewey Decimal Classification |
| Koha item type | كتب |
| حالة السحب | حالة الفقدان | مصدر التصنيف | حالة التلف | غير قابل للإعارة | المكتبة الرئيسية | المكتبة الحالية | موقع الرف | تاريخ التزويد | الرقم المتسلسل | Total Checkouts | رقم الإستدعاء | الباركود | تاريخ آخر ظهور | تاريخ الفاتورة | نوع المادة (كوها) |
|---|---|---|---|---|---|---|---|---|---|---|---|---|---|---|---|
| Dewey Decimal Classification | مكتبة صويلح العامة | مكتبة صويلح العامة | الإعارة | 17/04/2019 | 381375 | 351,6/أرج | PLD00450511 | 28/07/2025 | 17/04/2019 | كتب |